000 00495nam a2200205Ia 4500
005 20250425160951.0
008 250425s9999 xx 000 0 und d
041 _aspa
043 _aec
082 _a920.0866
245 0 _aDICCIONARIO BIOGRAFICO ECUATORIANO: A-L
250 _a2A ED.
260 _aEcuador
_bPRODUCCIONES EDITORIALES
_c1985
260 _aQUITO
300 _a527
650 _aBIOGRAFIAS-DICCIONARIOS
650 _aBIOGRAFIAS-ECUADOR
942 _c01
010 _a9495
999 _c199835
_d199835